MyGZULibrary

Empathy in the global world : (Record no. 1768)

MARC details
000 -LEADER
fixed length control field 01616cam a2200373 a 4500
001 - CONTROL NUMBER
control field 15824961
003 - CONTROL NUMBER IDENTIFIER
control field GZU
005 - DATE AND TIME OF LATEST TRANSACTION
control field 20201021145357.0
008 - FIXED-LENGTH DATA ELEMENTS--GENERAL INFORMATION
fixed length control field 090720s2010 cau b 001 0 eng
010 ## - LIBRARY OF CONGRESS CONTROL NUMBER
LC control number 2009028257
015 ## - NATIONAL BIBLIOGRAPHY NUMBER
National bibliography number GBA9A2342
Source bnb
016 7# - NATIONAL BIBLIOGRAPHIC AGENCY CONTROL NUMBER
Record control number 015397669
Source Uk
020 ## - INTERNATIONAL STANDARD BOOK NUMBER
International Standard Book Number 9781412957908 (cloth)
020 ## - INTERNATIONAL STANDARD BOOK NUMBER
International Standard Book Number 1412957907 (cloth)
020 ## - INTERNATIONAL STANDARD BOOK NUMBER
International Standard Book Number 9781412957915 (pbk.)
020 ## - INTERNATIONAL STANDARD BOOK NUMBER
International Standard Book Number 1412957915 (pbk.)
035 ## - SYSTEM CONTROL NUMBER
System control number (OCoLC)ocn424554895
040 ## - CATALOGING SOURCE
Original cataloging agency DLC
Transcribing agency DLC
Modifying agency BTCTA
-- YDXCP
-- C#P
-- CDX
-- BWX
-- UKM
-- HNW
-- DLC
050 00 - LIBRARY OF CONGRESS CALL NUMBER
Classification number HM621
Item number CAL 2010
082 00 - DEWEY DECIMAL CLASSIFICATION NUMBER
Classification number 303.48/209
Edition number 22
100 1# - MAIN ENTRY--PERSONAL NAME
Personal name Calloway-Thomas, Carolyn,
Dates associated with a name 1943-
245 10 - TITLE STATEMENT
Title Empathy in the global world :
Remainder of title an intercultural perspective /
Statement of responsibility, etc. Carolyn Calloway-Thomas.
260 ## - PUBLICATION, DISTRIBUTION, ETC.
Place of publication, distribution, etc. Thousand Oaks, Calif. :
Name of publisher, distributor, etc. Sage,
Date of publication, distribution, etc. c2010.
300 ## - PHYSICAL DESCRIPTION
Extent xiii, 249 p. ;
Dimensions 23 cm.
504 ## - BIBLIOGRAPHY, ETC. NOTE
Bibliography, etc. note Includes bibliographical references (p. 221-234) and index.
505 0# - FORMATTED CONTENTS NOTE
Formatted contents note A global imperative : the unveiling of empathy -- The creation of empathy : from ancients to moderns -- Geopolitics : the spoils of empathy -- Immigration : empathy's flickering flames? -- Crafting images : media and empathy -- Catastrophes, tsunamis, and Katrinas -- "I didn't do it for you" : organizations, class, and poverty -- Empathetic literacy : come, shout about it?
650 #0 - SUBJECT ADDED ENTRY--TOPICAL TERM
Topical term or geographic name entry element Cultural relations.
650 #0 - SUBJECT ADDED ENTRY--TOPICAL TERM
Topical term or geographic name entry element Empathy.
650 #0 - SUBJECT ADDED ENTRY--TOPICAL TERM
Topical term or geographic name entry element Humanitarianism.
650 #0 - SUBJECT ADDED ENTRY--TOPICAL TERM
Topical term or geographic name entry element Intercultural communication.
906 ## - LOCAL DATA ELEMENT F, LDF (RLIN)
a 7
b cbc
c orignew
d 1
e ecip
f 20
g y-gencatlg
942 ## - ADDED ENTRY ELEMENTS (KOHA)
Source of classification or shelving scheme Library of Congress Classification
Koha item type Books
Classification part 621
Item part CAL
Call number prefix HM
Holdings
Withdrawn status Lost status Damaged status Not for loan Collection code Home library Current library Shelving location Date acquired Total Checkouts Full call number Barcode Date last seen Copy number Price effective from Koha item type
        Non-fiction City Campus Library City Campus Library General Stacks 10/21/2020   HM 621 CAL 2010 026596 10/21/2020 c.1 10/21/2020 Books
        Non-fiction City Campus Library City Campus Library General Stacks 10/21/2020   HM 621 CAL 2010 026702 10/21/2020 c.2 10/21/2020 Books